Guess the island from Bird's-eye view - Statistics

General Stats
  • This quiz has been taken 24 times
  • The average score is 6 of 20
Answer Stats
Picture Answer % Correct
Sri Lanka
100%
Hispaniola
95%
Ireland
95%
Te Ika-a-Māui
68%
Socotra
47%
Isla Grande de Tierra del Fuego
37%
Malé Central Island
32%
Gotland
26%
New Britain
26%
Bonaire
16%
Unguja
16%
Bioko
11%
Bohol
11%
Brač
11%
Ibiza
11%
Qeshm
11%
Tobago
11%
Upolu
11%
Viti Levu
11%
Likoma
5%
No matching quizzes found
Score Distribution
Percent of People with Each Score
Percentile by Number Answered
Your Score History
You have not taken this quiz